000 00762nam a2200241Ia 4500
003 OSt
005 20220927105119.0
006 a|||||r|||| 00| 0
007 ta
008 220926b |||||||| |||| 00| 0 eng d
024 _a159420
037 _cReference Collections
040 _aRTL
_cRTL
_beng
041 _2eng
_aeng
082 _a"X71m247, N53. N82, M2"
110 _aJAMMU & KASHMIR
_9370264
245 0 _a"Detailed demand for grants of revenue, relief and rehabilitation,department for 1982-83.Govt. of jammu and kashmir"
260 _aJammu
_bRanbir Govt. press
_c1982
500 _aNo. 14-23
700 _aJAMMU & KASHMIR
_9370265
942 _h"X71m247, N53. N82, M2"
_cCC
999 _c690728
_d690728